Study on growing rate of piglet by adding pocolac booster in BVB investment corp kompong thom province, ប្រៀបធៀបការលូតលាស់របស់កូនជ្រូកក្នុងកំឡុងពេលបៅដោះដោយបន្ថែមម្សៅPORCOLAC BOOSTER នៅក្រុមហ៊ុន BVB INVESTMENT CORP (Record no. 2670)
[ view plain ]
| 000 -LEADER | |
|---|---|
| fixed length control field | 00720nam a22001577a 4500 |
| 003 - CONTROL NUMBER IDENTIFIER | |
| control field | OSt |
| 005 - DATE AND TIME OF LATEST TRANSACTION | |
| control field | 20151025111128.0 |
| 008 - FIXED-LENGTH DATA ELEMENTS--GENERAL INFORMATION | |
| fixed length control field | 151025b xxu||||| |||| 00| 0 eng d |
| 040 ## - CATALOGING SOURCE | |
| Transcribing agency | RUA |
| 082 ## - DEWEY DECIMAL CLASSIFICATION NUMBER | |
| Classification number | AVM NGO 2013 B109 Or.1 |
| 100 ## - MAIN ENTRY--PERSONAL NAME | |
| 9 (RLIN) | 2852 |
| Personal name | NGOUY, BOREY. |
| 245 ## - TITLE STATEMENT | |
| Title | Study on growing rate of piglet by adding pocolac booster in BVB investment corp kompong thom province, ប្រៀបធៀបការលូតលាស់របស់កូនជ្រូកក្នុងកំឡុងពេលបៅដោះដោយបន្ថែមម្សៅPORCOLAC BOOSTER នៅក្រុមហ៊ុន BVB INVESTMENT CORP |
| 260 ## - PUBLICATION, DISTRIBUTION, ETC. (IMPRINT) | |
| Place of publication, distribution, etc. | Phnom Penh |
| Name of publisher, distributor, etc. | RUA |
| Date of publication, distribution, etc. | 2013 |
| 300 ## - PHYSICAL DESCRIPTION | |
| Extent | x; 32p. |
| Other physical details | ill. |
| Dimensions | 29cm. |
| 942 ## - ADDED ENTRY ELEMENTS (KOHA) | |
| Source of classification or shelving scheme | |
| Koha item type | AVM |
| Price effective from | Date last seen | Permanent Location | Not for loan | Date acquired | Source of classification or shelving scheme | Koha item type | Barcode | Lost status | Damaged status | Shelving location | Withdrawn status | Current Location | Full call number |
|---|---|---|---|---|---|---|---|---|---|---|---|---|---|
| 2015-10-25 | 2015-10-25 | Library Block B | 2015-10-25 | AVM | RUA018154 | B109 | Library Block B | AVM NGO 2013 B109 Or.1 | |||||
| 2015-10-25 | 2015-10-25 | Library Block B | 2015-10-25 | AVM | RUA018082 | B109 | Library Block B | AVM NGO 2013 B109 Or.2 | |||||
| 2015-10-25 | 2015-10-25 | Library Block B | 2015-10-25 | AVM | RUA008853 | B109 | Library Block B | AVM NGO 2013 B109 Or.3 | |||||
| 2015-10-25 | 2015-10-25 | Library Block B | 2015-10-25 | AVM | RUA008435 | B109 | Library Block B | AVM NGO 2013 B109 Or.4 | |||||
| 2015-10-25 | 2015-10-25 | Library Block B | 2015-10-25 | AVM | RUA008996 | B109 | Library Block B | AVM NGO 2013 B109 Or.5 | |||||
| 2015-10-25 | 2015-10-25 | Library Block B | 2015-10-25 | AVM | RUA008780 | B109 | Library Block B | AVM NGO 2013 B109 Or.6 | |||||
| 2015-10-25 | 2015-10-25 | Library Block B | 2015-10-25 | AVM | RUA015723 | B109 | Library Block B | AVM NGO 2013 B109 Or.7 | |||||
| 2015-10-25 | 2015-10-25 | Library Block B | 2015-10-25 | AVM | RUA015843 | B109 | Library Block B | AVM NGO 2013 B109 Or.8 |